000 00352nam a2200145Ia 4500
008 230917s9999||||xx |||||||||||||| ||und||
040 _e98314
_aMAIN
041 _aEnglish
082 _a390 E22C
100 _aEichler, Lillian
245 4 _aThe customs of mankind in 2 volumes
260 _aDelhi
_bGian
_c1988
300 _axvii, 345 p.
942 _cBK
999 _c58309
_d58309